Φυλή και ιστορία
Αποθηκεύτηκε σε:
| Κύριος συγγραφέας: | |
|---|---|
| Άλλοι συγγραφείς: | |
| Μορφή: | Βιβλίο |
| Γλώσσα: | Greek English |
| Δημοσίευση: |
Αθήνα :
Γνώση,
1995.
|
| Έκδοση: | 2η έκδ. |
| Σειρά: | Φιλοσοφική και πολιτική βιβλιοθήκη
|
| Θέματα: | |
| Ετικέτες: |
Προσθήκη ετικέτας
Δεν υπάρχουν, Καταχωρήστε ετικέτα πρώτοι!
|
MARC
| LEADER | 00000cam a2200000 i 4500 | ||
|---|---|---|---|
| 001 | 1/59679 | ||
| 008 | 960207s1995 gr | ||| |||| ||gre|| | ||
| 020 | |a 9602354925 | ||
| 035 | |a 1995 |c ΒΙΒΛΙΟΘΗΚΗ |l 10046120 | ||
| 040 | |a GR-MyUA |b gre |e AACR2 | ||
| 041 | 1 | |a gre |h eng | |
| 082 | 0 | |a 190 | |
| 100 | 1 | |a Lévi-Strauss, Claude. | |
| 245 | 1 | 0 | |a Φυλή και ιστορία / |c Claude Levi-Strauss ; μετάφραση Ευριδίκη Παπάζογλου. |
| 250 | |a 2η έκδ. | ||
| 260 | |a Αθήνα : |b Γνώση, |c 1995. | ||
| 300 | |a 76 σ. ; |c 21 εκ. | ||
| 490 | 1 | |a (Φιλοσοφική και πολιτική βιβλιοθήκη) | |
| 500 | |a Τίτλος πρωτοτύπου: Race et Historie. | ||
| 650 | 0 | 0 | |a Philosophy and science. |
| 650 | 0 | 0 | |a Ethnology. |
| 650 | 0 | 0 | |a Culture. |
| 650 | 0 | 0 | |a Race discrimination. |
| 700 | 1 | |a Παπάζογλου, Ευριδίκη, |e trlf | |
| 830 | 0 | |a Φιλοσοφική και πολιτική βιβλιοθήκη | |
| 852 | |a INST |b LESVOS |e 20011015 |h 306.01 LEV |p 005100027077 |q 005100027077 |t BK |y 0 | ||
| 852 | |a INST |b SAMOS |e 19960207 |h 190 LEV |p 005300010284 |q 005300010284 |t BK |y 0 | ||
| 901 | |a BIBL-2001-3 | ||
| 909 | |a Σ |b 041511 | ||
| 909 | |a Λ |b 098185 | ||
| 970 | |a ΚΑΜΑΤΣΟΥ |b ΔΕΣΠΟΙΝΑ |z 20011015 | ||